[Event "Challenge"]
[Site "http://www.queenalice.com/game.php?id=1853018"]
[Date "2025.2.27"]
[Round "-"]
[White "LuizFerreira"]
[Black "Rocio"]
[Result "0-1"]
[WhiteElo "1378"]
[BlackElo "1489"]

1. Nf3 e5 2. Nxe5 Qe7 3. f4 d6 4. Nf3 h6 5. g3 Nc6 6. b3 Nf6 7. Bb2 Ne4 8. d3
Nc5 9. b4 Nxb4 10. Ba3 Nd5 11. d4 Na4 12. Qd2 a6 13. Qa5 Nab6 14. Nbd2 Ne3 15.
Qc3 Nbd5 16. Qb3 Bf5 17. Nh4 Bxc2 18. Qb2 g5 19. Ng2 Be4 20. Qxb7 Qd8 21. Nxe4
Nc2+ 22. Kd1 Nce3+ 23. Kc1 Rb8 24. Qxd5 Nxd5 25. e3 c5 26. Bb2 cxd4 27. Bxd4 Rg8
28. Bxa6 Qc7+ 29. Kd1 Ra8 30. Bd3 gxf4 31. Nxf4 Nb4 32. Rc1 Qa5 33. Bb1 Nd5 34.
Nd3 f5 35. Nxd6+ Bxd6 36. Rc6 Qa4+ 37. Rc2 f4 38. gxf4 Rb8 39. Re1 Rxb1+ 40. Kd2
Qa5+ 41. Rc3 Rg2+ 42. Re2 Qxa2+ 43. Rc2 Qa5+ 44. Rc3 Bb4 45. Kc2 Qa2+ 46. Nb2
Rxe2+ 47. Kd3 Qxb2 48. Rc8+ Kd7 49. Ke4 Nf6+ 50. Ke5 Ng4+ 51. Kf5 Nxe3+ 52. Ke4
Qc2+ 53. Ke5 Ng4+ 54. Kd5 Qf5+ 55. Kc4 Rc2+ 56. Bc3 Rxc3+ 57. Kd4 Rd1# 0-1

[Event "Challenge"]
[Site "http://www.queenalice.com/game.php?id=1854805"]
[Date "2025.4.1"]
[Round "-"]
[White "LuizFerreira"]
[Black "Camy"]
[Result "1-0"]
[WhiteElo "1376"]
[BlackElo "1302"]

1. d4 d5 2. Nc3 e6 3. e4 Qe7 4. Nf3 Nf6 5. Bd3 a6 6. b3 Nc6 7. a3 dxe4 8. Nxe4
h6 9. a4 Bd7 10. Bf4 Qb4+ 11. Bd2 Qb6 12. Bf4 Bd6 13. Bd2 e5 14. dxe5 Nxe5 15.
Nh4 O-O 16. a5 Qc6 17. f3 Bc5 18. g4 g5 19. Nf5 Bd4 20. Ne7+ Kh8 21. Nxc6 Bxc6
22. Nxf6 Nxf3+ 23. Ke2 Rfe8+ 24. Kf1 Bxa1 25. Qxa1 Re6 26. Bc3 Nh4 27. Rg1 Bf3
28. Nd7+ Kg8 29. Bd4 Rae8 30. c3 b5 31. Qb1 R8e7 32. Bh7# 1-0

[Event "Challenge"]
[Site "http://www.queenalice.com/game.php?id=1856340"]
[Date "2025.4.28"]
[Round "-"]
[White "LuizFerreira"]
[Black "Rocio"]
[Result "0-1"]
[WhiteElo "1366"]
[BlackElo "1476"]

1. d4 d5 2. Nf3 Nc6 3. Nc3 Bf5 4. Nxd5 Qxd5 5. b3 e6 6. e3 Nb4 7. Bd3 Qc6 8. a3
Nd5 9. Bb2 Bd6 10. Nh4 Bxd3 11. Qxd3 Ngf6 12. a4 h6 13. e4 Nb4 14. d5 exd5 15.
Qg3 Bxg3 16. fxg3 Nxe4 17. Bxg7 Rg8 18. Bd4 Nxc2+ 19. Ke2 Nxd4+ 20. Kf1 Qf6+ 21.
Kg1 Ne2# 0-1

[Event "Challenge"]
[Site "http://www.queenalice.com/game.php?id=1857530"]
[Date "2025.5.19"]
[Round "-"]
[White "LuizFerreira"]
[Black "Rocio"]
[Result "0-1"]
[WhiteElo "1354"]
[BlackElo "1456"]

1. d4 d5 2. g3 Bg4 3. Bg2 e6 4. h3 Bf5 5. Nf3 Nc6 6. e3 Bb4+ 7. Nbd2 Nf6 8. c3
Ba5 9. Nb3 Bb6 10. g4 Be4 11. Rg1 h6 12. Nfd2 Nb4 13. cxb4 O-O 14. h4 Bd3 15. h5
Qd6 16. Bf3 Qxb4 17. a3 Qa4 18. Bg2 e5 19. Qf3 Rae8 20. Bf1 e4 21. Qf4 c5 22.
dxc5 Bd8 23. Nd4 Bxf1 0-1

[Event "Challenge"]
[Site "http://www.queenalice.com/game.php?id=1859128"]
[Date "2025.6.24"]
[Round "-"]
[White "LuizFerreira"]
[Black "Rocio"]
[Result "1-0"]
[WhiteElo "1389"]
[BlackElo "1540"]

1. Nf3 e6 2. Nc3 Bb4 3. Na4 Nc6 4. c3 Bd6 5. d3 Nf6 6. Bg5 h6 7. Bh4 Ng4 8. Bxd8
Nxd8 9. h3 Nf6 10. g4 Nc6 11. e4 O-O 12. d4 Nxe4 13. Bd3 Nf6 14. Qc2 a6 15. Bh7+
Nxh7 16. Rg1 Bf4 17. Qe4 Bd6 18. Nh4 b5 19. Nb6 Bb7 20. Nxd7 Rfd8 21. Nc5 Bc8
22. Nb3 Ne7 23. Qxa8 Nf6 24. Qf3 Bd7 25. Qb7 Nfd5 26. Qxa6 Nf4 27. Rd1 Nxh3 28.
Rh1 Nf4 29. Rg1 e5 30. d5 b4 31. Na5 bxc3 32. b3 e4 33. Nb7 Bc8 34. Qa8 Rf8 35.
Ra1 Nd3+ 36. Kf1 Be5 37. a4 c2 38. Kg2 Bxg4 39. Nd8 Nf4+ 40. Kh1 h5 41. Rac1 g5
42. Ng2 Bf3 43. Rxc2 h4 44. Qa6 Rxd8 45. Qh6 Bg7 46. Qxg5 Nd3 47. Qxe7 Rf8 48.
Qxh4 f6 49. Kh2 Ne5 50. Ne1 Kf7 51. Qh7 Rg8 52. Rxc7+ Kf8 53. Rgxg7 Ng4+ 54. Kh3
Nxf2+ 55. Kg3 Ng4 56. Rxg8# 1-0

[Event "Let's Play Chess!"]
[Site "http://www.queenalice.com/game.php?id=1861560"]
[Date "2025.8.18"]
[Round "-"]
[White "Charles56"]
[Black "LuizFerreira"]
[Result "1-0"]
[WhiteElo "1816"]
[BlackElo "1393"]

1. d4 Nf6 2. e4 Nxe4 3. Bf4 h6 4. f3 Nf6 5. Nc3 Nc6 6. d5 Nb4 7. Bc4 g5 8. Bg3
d6 9. a3 Na6 10. Nge2 b6 11. Qd3 Nc5 12. Qd2 a6 13. b4 Nb7 14. a4 c6 15. dxc6 d5
16. cxb7 Bxb7 17. Bd3 e6 18. Rb1 d4 19. Na2 Bc6 20. c3 dxc3 21. Qxc3 Rc8 22.
Bxa6 Nd5 23. Qxh8 Ra8 24. b5 Bd7 25. Bd6 Ne7 26. O-O Bc8 27. Rfd1 Bxa6 28. bxa6
Rxa6 29. Nb4 Rxa4 30. Bxe7 Qxe7 31. Nc6 Qc7 32. Rd8+ Qxd8 33. Ned4 Qd6 34. Rxb6
Qc5 35. Rb8+ Kd7 36. Rb7+ Kc8 37. Rxf7 Rxd4 38. Rxf8+ Kd7 39. Qg7+ Kxc6 40. Rc8+
Kd5 41. Qd7+ Qd6 42. Qb5+ Qc5 43. Rd8+ Ke5 44. Qxc5+ Rd5 45. Rxd5+ Kf6 46. Qf8+
Kg6 47. Rd6 Kh5 48. Rxe6 Kh4 49. Qxh6# 1-0

[Event "Challenge"]
[Site "http://www.queenalice.com/game.php?id=1861809"]
[Date "2025.8.18"]
[Round "-"]
[White "LuizFerreira"]
[Black "Camy"]
[Result "0-1"]
[WhiteElo "1366"]
[BlackElo "1328"]

1. Nf3 d5 2. g3 e6 3. b3 f6 4. Nc3 a6 5. d4 Nc6 6. e3 Bd6 7. Bh3 e5 8. g4 Nge7
9. a4 O-O 10. dxe5 Bxe5 11. Qd3 Be6 12. Ba3 b5 13. axb5 axb5 14. Nxe5 b4 15.
Bxb4 Nxb4 16. Qd1 fxe5 17. Bg2 c6 18. g5 d4 19. Ne4 Ned5 20. Nc5 Qe7 21. e4 Nf4
22. Bf1 Qxc5 23. h4 Nxc2+ 24. Kd2 Nxa1 25. Ke1 Nxb3 26. Bh3 Bc4 27. Qc2 Ra1+ 28.
Qd1 Rxd1+ 29. Kxd1 Bd3 30. Bf1 Bxe4 31. h5 Qc1# 0-1

[Event "Challenge"]
[Site "http://www.queenalice.com/game.php?id=1861825"]
[Date "2025.8.20"]
[Round "-"]
[White "LuizFerreira"]
[Black "Leanne"]
[Result "0-1"]
[WhiteElo "1411"]
[BlackElo "1357"]

1. Nc3 d5 2. d4 Nf6 3. g3 Nc6 4. e3 Bg4 5. f3 Bf5 6. g4 Bg6 7. b3 e6 8. g5 Nh5
9. f4 f6 10. Bh3 fxg5 11. Bxe6 gxf4 12. exf4 Bd6 13. f5 Nf4 14. Bxf4 Bxf4 15.
Qf3 Qd6 16. Nh3 Nxd4 17. Qf2 Nxe6 18. fxg6 hxg6 19. Nb5 Qb4+ 20. Kf1 Qxb5+ 21.
Kg2 O-O-O 22. Nxf4 Nxf4+ 23. Qxf4 Qc6 24. h3 Qxc2+ 25. Kg1 Rdf8 26. Qg4+ Kb8 27.
b4 Qf2# 0-1

[Event "Escacs 186"]
[Site "http://www.queenalice.com/game.php?id=1862650"]
[Date "2025.9.6"]
[Round "-"]
[White "alterego"]
[Black "LuizFerreira"]
[Result "1-0"]
[WhiteElo "1603"]
[BlackElo "1387"]

1. d4 Nf6 2. c4 Nc6 3. g3 b6 4. Bg2 d5 5. c5 bxc5 6. Qa4 Qd7 7. Nf3 a5 8. b4
cxb4 9. O-O g6 10. Nbd2 e5 11. dxe5 Nh5 12. Ng5 f6 13. exf6 Nxf6 14. Bb2 Bg7 15.
Rac1 Bb7 16. Qb3 h6 17. Ngf3 Ba6 18. Ne5 Nxe5 19. Bxe5 Qe6 20. Qa4+ Kd8 21.
Bxc7+ Kc8 22. Bxa5+ Kb8 23. Qxb4+ Bb7 24. Rc7 Ra7 25. Rxg7 Nh5 26. Bc7+ Kc8 27.
Rc1 Nxg7 28. Bb6+ Kb8 29. Bxa7+ Kxa7 30. Qd4+ Kb8 31. Qxg7 Rg8 32. Qxh6 Qxe2 33.
Qf4+ Ka8 34. Qa4+ Ba6 35. Bxd5+ Ka7 36. Bxg8 Qxd2 37. Rc6 Qe1+ 38. Kg2 Qf1+ 39.
Kf3 Qe2+ 40. Kf4 g5+ 41. Kxg5 Qe5+ 42. Kh4 Qh8+ 43. Kg4 Qxg8+ 44. Kf3 Qd5+ 45.
Kg4 Qd7+ 46. Kf3 Kb7 47. Qxa6+ Kb8 48. Qb5+ Qb7 49. Qe5+ Ka7 50. Qa5+ Kb8 51.
Qd8+ Ka7 52. Qd5 Qa8 53. Rc7+ Kb8 54. Rc8+ Kxc8 55. Qxa8+ Kd7 56. a4 Kc7 57.
Qa7+ Kc6 58. Qb8 Kd7 59. a5 Kc6 60. a6 Kd5 61. a7 Kd4 62. a8=Q Kd3 63. Qe8 Kd2
64. Qad8+ Kc1 65. Qc6+ Kb2 66. Qb8+ Ka1 67. Qca8# 1-0

[Event "Challenge"]
[Site "http://www.queenalice.com/game.php?id=1862827"]
[Date "2025.9.11"]
[Round "-"]
[White "Capixaba789"]
[Black "LuizFerreira"]
[Result "1-0"]
[WhiteElo "1945"]
[BlackElo "1391"]

1. d4 Nf6 2. Nc3 Nc6 3. d5 Na5 4. e4 Nh5 5. Qxh5 g6 6. Qe5 f6 7. Qd4 Nc6 8. dxc6
bxc6 9. f4 Bg7 10. Nf3 e5 11. fxe5 f5 12. Bd3 Rf8 13. exf5 d6 14. Qe4 Bb7 15.
fxg6 d5 16. Qg4 Bc8 17. Qa4 Bd7 18. O-O d4 19. Ne4 h6 20. e6 Bc8 21. Qxc6+ Bd7
22. exd7+ Ke7 23. Bd2 Rb8 24. Nc5 Rb6 25. Rae1+ Be5 26. Rxe5# 1-0

[Event "Challenge"]
[Site "http://www.queenalice.com/game.php?id=1862933"]
[Date "2025.9.12"]
[Round "-"]
[White "LuizFerreira"]
[Black "Rocio"]
[Result "0-1"]
[WhiteElo "1376"]
[BlackElo "1520"]

1. Nc3 e5 2. Nf3 Qf6 3. Nd5 Qd6 4. Nc3 h6 5. g3 a6 6. b3 Nf6 7. d3 Nc6 8. e4 Be7
9. Nd5 Nxd5 10. exd5 Nd8 11. Ba3 Qxa3 12. Nxe5 Qb2 13. Nc4 Qc3+ 14. Nd2 Qe5+ 15.
Ne4 Bb4+ 16. Ke2 d6 17. f4 Qh5+ 18. Kf2 Qg6 19. a3 Bc5+ 20. Ke1 Bd4 21. Rb1 Bg4
22. Be2 Bh3 23. Qd2 f5 24. c3 Bb6 25. Nf2 Bg2 26. Rg1 Bxd5 27. d4 Ne6 28. Qd1
O-O-O 29. b4 Rhe8 30. Nd3 Nf8 31. Kf1 c5 32. dxc5 Bc7 33. Bh5 Qe6 34. cxd6 Rxd6
35. Qa4 Re7 36. Nc5 Bc4+ 37. Kg2 Rd2+ 38. Kh3 Qf6 39. Rbc1 g6 40. Bf3 g5 41.
Bxb7+ Kd8 42. g4 Re3+ 43. Rg3 fxg4+ 44. Kxg4 Be2+ 45. Bf3 Qe6+ 46. Nxe6+ Nxe6
47. Rh3 Nxf4 48. Rg3 Ng6 49. Qc6 Ne5+ 50. Kh5 Nxc6 51. Re1 Bxf3+ 52. Rxf3 Rxf3
53. Re6 Rxh2+ 54. Kg6 Ne7+ 55. Kg7 Nf5+ 56. Kf7 Nd6+ 57. Kg7 Ne8+ 58. Kg8 Rhf2
59. Kh7 h5 60. Rc6 Kd7 61. Rxa6 Rf7+ 62. Kg6 Rg7+ 63. Kh6 h4 64. b5 g4 65. b6
Rf6+ 66. Kh5 h3 67. bxc7 Nxc7 68. Rxf6 Ne8 69. Rf5 h2 70. Rf1 g3 71. Kh6 g2 72.
Rd1+ Ke7 73. Re1+ Kf7 74. a4 Rg6+ 75. Kh5 h1=Q+ 76. Rxh1 gxh1=R# 0-1

[Event "Challenge"]
[Site "http://www.queenalice.com/game.php?id=1863312"]
[Date "2025.9.24"]
[Round "-"]
[White "LuizFerreira"]
[Black "Charles56"]
[Result "0-1"]
[WhiteElo "1378"]
[BlackElo "1786"]

1. d3 d5 2. Nf3 Nc6 3. e3 Bg4 4. Be2 e5 5. Nc3 Bb4 6. a3 Ba5 7. Nh4 Bxe2 8. Qxe2
d4 9. b4 Bb6 10. Na4 a6 11. Bb2 Qxh4 12. g3 Qf6 13. exd4 Nge7 14. dxe5 Qf5 15.
g4 Qe6 16. d4 Nxd4 17. Qd1 Qxe5+ 18. Kf1 Qb5+ 19. Ke1 O-O-O 20. Nc3 Qe5+ 21. Kf1
Rhe8 22. Bc1 Ng6 23. Be3 Qf6 24. Qe1 Nxc2 25. Qc1 Nxa1 26. Qxa1 Bxe3 27. g5 Bxg5
28. Rg1 Re3 29. Kg2 Qc6+ 30. Kf1 Rxc3 31. Rxg5 Qh1+ 32. Rg1 Qf3 33. Qe1 Rd1 34.
Rg3 Qh1+ 35. Rg1 Rxe1+ 36. Kxe1 Rc1+ 37. Kd2 Qxg1 38. h3 Qd1+ 39. Ke3 Rc3+ 40.
Ke4 Qf3+ 41. Kd4 b6 42. a4 b5 43. axb5 Qd3# 0-1

[Event "Challenge"]
[Site "http://www.queenalice.com/game.php?id=1863413"]
[Date "2025.9.26"]
[Round "-"]
[White "LuizFerreira"]
[Black "Capixaba789"]
[Result "0-1"]
[WhiteElo "1389"]
[BlackElo "1848"]

1. d4 e5 2. dxe5 Bc5 3. e3 Nh6 4. Nf3 d5 5. b3 Nf5 6. g4 Nh4 7. Rg1 Be6 8. h3
Ng6 9. Nc3 Nc6 10. Bb5 O-O 11. a3 Ncxe5 12. Bb2 Nxf3+ 13. Ke2 Nxg1+ 14. Qxg1 d4
15. exd4 Bxd4 16. Nd1 Bb6 17. Nc3 Qe7 18. Ne4 Bd5 19. Bd3 Bxe4 20. Bc3 Bg2+ 21.
Kd2 Bc6 22. Bb4 Qg5+ 23. Kd1 Bf3+ 24. Be2 Bxe2+ 25. Kxe2 Rfe8+ 26. Kf1 c5 27.
Bc3 Nh4 28. Qg3 Re4 29. Qf3 Nxf3 30. Rd1 h5 31. gxh5 Qg1# 0-1

[Event "Challenge"]
[Site "http://www.queenalice.com/game.php?id=1864105"]
[Date "2025.10.11"]
[Round "-"]
[White "LuizFerreira"]
[Black "Capixaba789"]
[Result "0-1"]
[WhiteElo "1380"]
[BlackElo "1830"]

1. Nf3 e5 2. Nxe5 Bc5 3. e3 Nf6 4. Nc3 O-O 5. b3 d5 6. g3 Be6 7. Na4 Bd6 8. Nf3
Nbd7 9. Bd3 a6 10. Nd4 b5 11. Nc3 b4 12. Na4 Ne5 13. c3 Nxd3+ 14. Kf1 Ne4 15. f3
Bxg3 16. fxe4 Nf2 17. Qf3 Nxh1 18. Qxh1 Bh4 19. Qf3 bxc3 20. dxc3 dxe4 21. Qxe4
Bf6 22. Ne2 Re8 23. Bb2 Bh3+ 24. Kg1 Rxe4 25. Nc5 Rxe3 26. Nf4 Bf5 27. Ng2 Re2
28. Nf4 Rxb2 29. Nb7 Qd2 30. Ng2 Qxg2# 0-1

[Event "Challenge"]
[Site "http://www.queenalice.com/game.php?id=1864373"]
[Date "2025.10.16"]
[Round "-"]
[White "LuizFerreira"]
[Black "alterego"]
[Result "0-1"]
[WhiteElo "1376"]
[BlackElo "1528"]

1. Nf3 g6 2. Nc3 Bg7 3. d4 a6 4. b3 b5 5. a3 Nf6 6. g3 Bb7 7. Bg2 O-O 8. Bh3 Nd5
9. Ne4 Nb6 10. Nc5 Bc6 11. Nd3 Nd5 12. Bd2 d6 13. Ba5 Nf6 14. Nb4 Be4 15. Bg2
Ra7 16. Rg1 Nd5 17. c3 Nxc3 18. Qd2 Nd5 19. Qg5 e6 20. Qg4 Bf5 21. Qg5 Qxg5 22.
Nxg5 c5 23. Na2 Nc6 24. Bd2 Nxd4 25. e4 Nc2+ 26. Ke2 Bg4+ 27. f3 Bh5 28. Rac1
Nd4+ 29. Ke1 Nxb3 30. Rd1 Nxd2 31. Rxd2 Ne3 32. Bh3 h6 33. g4 Bxg4 34. fxg4 hxg5
35. Re2 Bd4 36. Rg3 Nc4 37. Bg2 Be5 38. Rf3 Bxh2 39. Kf1 Ne5 40. Bh3 Nxf3 41.
Rf2 Nd2+ 42. Rxd2 f6 43. Rxh2 f5 44. Rf2 f4 45. Bg2 Rh7 46. Bf3 c4 47. Be2 Rh1+
48. Kg2 Ra1 49. Nb4 Rxa3 50. Nc6 c3 51. Bd1 a5 52. Ne7+ Kf7 53. Nc6 b4 54. Kg1
b3 55. Be2 b2 56. Rf1 c2 57. Bd1 c1=Q 58. Nb4 Qe3+ 59. Kh1 Qxe4+ 60. Bf3 Qxb4
61. Rb1 Ra1 62. Be4 Qxe4+ 63. Kh2 Rh8+ 64. Kg1 Rxb1+ 65. Kf2 Rh2# 0-1

[Event "Challenge"]
[Site "http://www.queenalice.com/game.php?id=1864751"]
[Date "2025.10.25"]
[Round "-"]
[White "LuizFerreira"]
[Black "Capixaba789"]
[Result "1-0"]
[WhiteElo "1348"]
[BlackElo "1919"]

1. d4 d5 2. Nc3 e5 3. dxe5 d4 4. Ne4 c5 5. b3 f5 6. Nd2 Be6 7. g3 Nc6 8. e3 Nh6
9. Ba3 Be7 10. Bb5 Qc7 11. Qh5+ Bf7 12. Qf3 O-O 13. Nc4 Ng4 14. e4 Ngxe5 15. Qf4
Kh8 16. Bc1 Bxc4 17. bxc4 Rad8 18. h4 Bd6 19. Nh3 a6 20. Ba4 Nb4 21. Qd2 fxe4
22. Qe2 Nf3+ 23. Kf1 Qe7 24. Bg5 Qf7 25. a3 Nc6 26. Qxe4 a5 27. Qd3 Bxg3 28.
fxg3 Nxg5+ 29. Kg1 Nxh3+ 30. Rxh3 Ne5 31. Qc3 dxc3 32. Rh2 Qf1+ 33. Rxf1 Rxf1+
34. Kxf1 h6 35. Ke1 Nxc4 36. g4 Nxa3 37. g5 Nc4 38. Bb5 hxg5 39. Bxc4 g6 40.
hxg5+ Kg7 41. Re2 Rd7 42. Kf1 Rd4 43. Be6 Rf4+ 44. Kg1 b5 45. Re3 b4 46. Re5 Rd4
47. Re1 a4 48. Ba2 Rg4+ 49. Kh2 Rxg5 50. Re7+ Kh6 51. Kh3 a3 52. Bg8 Rg1 53. Kh2
a2 54. Bxa2 Rd1 55. Re2 1-0

[Event "Challenge"]
[Site "http://www.queenalice.com/game.php?id=1865230"]
[Date "2025.11.5"]
[Round "-"]
[White "LuizFerreira"]
[Black "Charles56"]
[Result "0-1"]
[WhiteElo "1378"]
[BlackElo "1737"]

1. d4 d5 2. Nc3 e6 3. Nf3 b6 4. b3 Ba6 5. g3 h6 6. g4 Bb4 7. Bd2 Nf6 8. g5 hxg5
9. Nxg5 Ng4 10. a3 Bxc3 11. Bxc3 Qxg5 12. Bd2 Qf6 13. c3 Qxf2# 0-1

[Event "Challenge"]
[Site "http://www.queenalice.com/game.php?id=1865644"]
[Date "2025.11.15"]
[Round "-"]
[White "LuizFerreira"]
[Black "Rocio"]
[Result "0-1"]
[WhiteElo "1364"]
[BlackElo "1497"]

1. Nf3 d6 2. Nc3 e5 3. d3 Bg4 4. Ng1 Nf6 5. f3 Bf5 6. g3 Nc6 7. g4 Be6 8. b3 a6
9. g5 Nh5 10. Na4 Nd4 11. c3 Nb5 12. Qc2 f5 13. c4 Nd4 14. Qd2 c5 15. Bb2 Nf4
16. e3 Ng6 17. exd4 exd4 18. Nb6 Qxb6 19. Bh3 Qc6 20. Bg2 Be7 21. f4 Qc7 22. Nf3
O-O 23. b4 d5 24. Bc1 Nxf4 25. Bf1 dxc4 26. Qxf4 Qd7 27. bxc5 g6 28. Ne5 Qd5 29.
Bg2 Qxc5 30. a4 Bd6 31. Bxb7 Bxe5 32. Qf3 Ra7 33. Ba3 Qa5+ 34. Kf1 Qc7 35. Rb1
cxd3 0-1

[Event "Challenge"]
[Site "http://www.queenalice.com/game.php?id=1865949"]
[Date "2025.11.21"]
[Round "-"]
[White "LuizFerreira"]
[Black "Capixaba789"]
[Result "0-1"]
[WhiteElo "1366"]
[BlackElo "1754"]

1. Nf3 d5 2. Nc3 d4 3. Na4 e6 4. d3 b5 5. Nc5 Bxc5 6. a3 Nc6 7. b4 Bd6 8. c4
bxc4 9. dxc4 Nf6 10. g3 Bb7 11. Bb2 Nxb4 12. Qd2 a5 13. Bg2 O-O 14. Bxd4 Ne4 15.
Qd1 Na6 16. Qb1 Bc6 17. Bh3 Nac5 18. g4 Nf6 19. g5 Nfe4 20. Qb2 a4 21. Bc3 Nxc3
22. Qxc3 Ne4 23. Qc2 Qe7 24. Qb1 Bxa3 25. Ne5 Bb4+ 26. Kf1 Nd2+ 27. Kg1 Nxb1 28.
Rxb1 Bd6 29. Nxc6 Qxg5+ 30. Kf1 Kh8 31. Rg1 Qh6 32. Rd1 Qxh3+ 33. Rg2 Bxh2 34.
Ne7 a3 35. Nc6 a2 36. Ra1 Bd6 37. Ne7 Bxe7 38. Ke1 Qxg2 39. Rxa2 Rxa2 40. Kd1
Qf1# 0-1

[Event "Challenge"]
[Site "http://www.queenalice.com/game.php?id=1865957"]
[Date "2025.11.21"]
[Round "-"]
[White "LuizFerreira"]
[Black "Sph4444"]
[Result "0-1"]
[WhiteElo "1364"]
[BlackElo "1923"]

1. Nf3 d5 2. e3 e6 3. Nc3 Bb4 4. Na4 c6 5. c3 Bd6 6. b3 b5 7. Nb2 a5 8. g3 Nf6
9. d4 Ne4 10. Bd2 Nxd2 11. Qxd2 Ba6 12. Qd3 b4 13. Qd2 bxc3 14. Qxc3 Bb4 15. Qd2
Bxd2+ 16. Nxd2 Bxf1 17. Rxf1 O-O 18. Na4 Ra7 19. Nc5 Nd7 20. Na4 Qb8 21. g4 Qxh2
22. Nf3 Qd6 23. Rh1 Qb4+ 24. Kf1 f6 25. a3 Qxb3 26. Nc5 Nxc5 27. dxc5 Qc3 28.
Kg1 Qxa1+ 29. Kg2 Qxa3 30. Nd4 Qxc5 31. Nxe6 Qb4 32. g5 Qg4+ 33. Kf1 Qxe6 34.
Rh5 fxg5 35. Rxg5 Qf6 36. Rh5 Qxf2# 0-1